000 00532nam a2200181Ia 4500
008 090123s9999 xx 000 0 und d
082 _b31863
_a891.463/खेडक
100 _aखेडकर सुशिला
245 _aशापिता
250 _a0
260 _bऔदुंबर प्रकाशन
_c2000
300 _a216
600 _aखेडकर सुशिला
630 _aशापिता
700 _aखेडकर सुशिला
730 _aशापिता
942 _cBOOK
999 _c69922
_d69922